| 000 | 01845nam a2200337 i 4500 | ||
|---|---|---|---|
| 001 | nkc20253718675 | ||
| 003 | CZ PrSKC | ||
| 005 | 20260415092720.0 | ||
| 007 | ta | ||
| 008 | 251105s2025 xr g 000 f cze | ||
| 020 | _a9788027613212 | ||
| 040 |
_aABG001 _bcze _erda |
||
| 041 | 1 |
_acze _hslo |
|
| 072 | 7 |
_a821.162.4 _xSlovenská literatura _2Konspekt |
|
| 080 |
_a821.162.4-31 _2MRF |
||
| 080 |
_a(0:82-312.4) _2MRF |
||
| 100 | 1 |
_aDán, Dominik, _d1955- _4aut _95041 |
|
| 240 | 1 | 0 |
_aPodaj prst. _lČesky |
| 245 | 1 | 0 |
_aPodej prst / _cDominik Dán |
| 264 | 1 |
_aPraha : _bSlovart, _c2025 |
|
| 300 |
_a294 stran ; _c22 cm |
||
| 500 | _aZe slovenštiny přeložil Jan Hanzlík | ||
| 520 | 2 |
_aPsychologicky laděná detektivka, v níž na scénu opět přicházejí detektivové z oddělení vražd a rozplétají další složitý případ. _bDetektiv Oto Hanzel ukončil vánoční službu s nečekaným následkem - zamiloval se. A brzy nato se i oženil. Zatímco si užívá jako novomanžel, jeho kolegové z oddělení vražd řeší nový případ: mladý muž nalezený v nemocnici údajně po dopravní nehodě byl ve skutečnosti zastřelen zezadu zbraní malé ráže. A je to ještě horší - obětí je policista a člověk, který ho přivezl, hned zmizel. Vyšetřování se komplikuje: zavražděný zřejmě nebyl bez poskvrny a odhalení pravdy by mohlo otřást pověstí celého sboru. Detektivové z oddělení vražd musí jednat rychle, přestože jim chybí Hanzel i Kuky. Případ plný zvratů a nečekaných souvislostí se ale teprve rozjíždí... Nakladatelská anotace. Kráceno. |
|
| 655 | 7 |
_aslovenské romány _91645 |
|
| 655 | 7 | _adetektivní romány | |
| 655 | 9 |
_aSlovak fiction _94365 |
|
| 655 | 9 | _adetective novels | |
| 700 | 1 |
_aHanzlík, Jan _4trl _95042 |
|
| 910 | _aABG508 | ||
| 999 |
_c34170 _d34170 |
||